000 00882nam a2200217Ia 4500
001 11229
003 GE_BSU
008 181216s||||||||xx |||||||||||||| ||und||
040 _cGE_BSU
080 _a664(075.8)
100 _aთარხნიშვილი ა.
245 _aკვების პროდუქტების ზოგადი ტექნოლოგია
245 _bსახელმძღ. უმაღლესი სასწავლ. კვების სპეციალ. სტუდენტებისათვის
245 _cრედ: ბ. ივანოვი
260 _aთბილისი.
260 _bგანათლება
260 _c1970
300 _a452გვ.22სმ.
653 _aკვების პროდუქტების ზოგადი ტექნოლოგია
942 _cBK
999 _c44460
_d44460